Movies Quiz

Random Movies Quiz

Movies at the Beach Quiz Stats

 Plays Quiz Updated Apr 4, 2015

Challenge
Share
Tweet
Score 0/28 Timer 08:00
2 Plays Today
% Correct
The Little Mermaid
94.6%
Grease
94.1%
Cast Away
91.7%
Lilo and Stitch
89.3%
Top Gun
85.6%
50 First Dates
82.2%
Jaws
81.6%
Harry Potter and the Deathly Hallows: Part 1
79.3%
The Karate Kid
79%
The Shawshank Redemption
77.7%
Saving Private Ryan
76.9%
The Big Lebowski
72.9%
Planet of the Apes
72.2%
Casino Royale
71.6%
% Correct
Pirates of the Caribbean: Dead Man's Chest
69.5%
The Goonies
66.8%
Rocky III
66.8%
Chariots of Fire
60%
The Notebook
59.4%
Eternal Sunshine of the Spotless Mind
57.3%
The Blue Lagoon
56.6%
Her
55.8%
Point Break
53.7%
The Piano
52.6%
Some Like it Hot
52%
Knight and Day
51.7%
X-Men: First Class
50.4%
Shakespeare in Love
49.5%

You're not logged in!

Compare scores with friends on all Sporcle quizzes.
Join for Free
OR
Log In

You Might Also Like...

Show Comments

Extras

Top Quizzes Today


Score Distribution

Your Account Isn't Verified!

In order to create a playlist on Sporcle, you need to verify the email address you used during registration. Go to your Sporcle Settings to finish the process.

Report this User

Report this user for behavior that violates our Community Guidelines.

Details: